000 01900nam a22003735i 4500
001 23244675
005 20250430155352.0
008 230726s2023 nyu 000 0 eng
010 _a 2023943245
020 _a9780198892878
037 _cTB
040 _aAL
_beng
_erda
_cAL
_dAL
041 _2eng
_aeng
042 _apcc
084 _aW:58(z) R4
_qAL
245 0 0 _aWhat is structural injustice?
260 _aNew York, USA:
_bOxford University Press,
_c2024.
263 _a2310
264 1 _c2023.
300 _avii, 285p. cm
336 _atext
_btxt
_2rdacontent
337 _aunmediated
_bn
_2rdamedia
338 _avolume
_bnc
_2rdacarrier
365 _b90.00
_cUKP
520 _a"An abstract is a short description of your longer piece of work and is used as a free layer of content discoverable online. An abstract should not attempt to summarise the whole work as it is also there to show readers whether or not reading further is warranted. It is used to allow people searching on the internet to see that they have encountered a worthwhile 'hit'. This will encourage them to read further by clicking through to the work in full. Keywords are index terms that capture the essence of the topics covered in a piece of work and are essential to improving ranking in search results. Abstracts and Keywords (A&K) combined are used to aid discovery of your content and to generate links across relevant content"--
_cProvided by publisher.
650 _aPolitical Science
650 _aEquality
700 1 _aBrowne, Jude,
_eeditor.
_9315863
700 1 _aMcKeown, Maeve,
_eeditor.
_9753597
906 _a0
_bibc
_corignew
_d2
_eepcn
_f20
_gy-gencatlg
942 _2CC
_cTB
_hW:58(Z) R4
_n0
999 _c1309849
_d1309849